A termőföld tulajdonszerzésének speciális szabályai Magyarországon és a környező országokban

Elmentve itt :
Bibliográfiai részletek
Szerző: Sipos Endre
További közreműködők: Jani Péter (Témavezető)
Dokumentumtípus: Szakdolgozat
Megjelent: 2019
Kulcsszavak:Termőföld tulajdonszerzése
Földtörvény
Tárgyszavak:
Law
Online Access:http://diploma.bibl.u-szeged.hu/103175
LEADER 00730nta a2200217 i 4500
001 dipl103175
005 20220106112307.0
008 220106s2019 hu om 0|| hun d
040 |a SZTE Diploma Repozitórium  |b hun 
041 |a hun 
100 1 |a Sipos Endre 
245 1 2 |a A termőföld tulajdonszerzésének speciális szabályai Magyarországon és a környező országokban  |h [elektronikus dokumentum] /  |c Endre Sipos 
260 |c 2019 
300 |a 43 
650 4 |a Agrár 
650 4 |a Agricultural sciences 
650 4 |a Law 
695 |a Termőföld tulajdonszerzése 
695 |a Földtörvény 
700 1 |a Jani Péter  |e ths 
856 4 0 |u http://diploma.bibl.u-szeged.hu/id/eprint/103175/2/2019_sipos_endre.pdf  |z Dokumentum-elérés